000
00318nam a22001457a 4500
082
_a
474
_b
DHA/S
100
_a
SHASTHRI,DHARMAPAL
100
_a
VAMSHEEDHAR
245
_a
SUGAM HINDI VYAKARAN
250
_a
FIRST
260
_a
DELHI
_b
SHIKSHA BHARATHI
_c
2019
300
_a
192
650
_a
GRAMMAR
_z
DELHI
942
_c
BK
999
_c
4450
_d
4450